header

PHP essentials (Record no. 48592)

MARC details
000 -LEADER
fixed length control field 01496nam a2200325Ia 4500
082 04 - DEWEY DECIMAL CLASSIFICATION NUMBER
Classification number 005.2/76
100 1# - MAIN ENTRY--AUTHOR NAME
Personal name Meloni, Julie C.
245 10 - TITLE STATEMENT
Title PHP essentials
250 ## - EDITION STATEMENT
Edition statement 2nd ed.
260 ## - PUBLICATION, DISTRIBUTION, ETC. (IMPRINT)
Place of publication Boston, MA :
Name of publisher Premier Press,
Year of publication c2003.
300 ## - PHYSICAL DESCRIPTION
Number of Pages xxii, 326 p. :
Other physical details ill.
500 ## - GENERAL NOTE
General note Includes index.
505 0# - FORMATTED CONTENTS NOTE
Formatted contents note Getting started with PHP -- Basic PHP techniques -- Working with databases -- Creating and populating database tables -- User authentication -- User tracking and session management -- Advanced PHP techniques: Web-based database administration -- Advanced PHP techniques: working with images -- Advanced PHP techniques: working with XML -- Essential PHP language reference.
650 #0 - SUBJECT ADDED ENTRY--TOPICAL TERM
Topical Term PHP (Computer program language)
Topical Term Web sites
856 40 - ELECTRONIC LOCATION AND ACCESS
Uniform Resource Identifier http://site.ebrary.com/lib/rucke/Doc?id=10065759

No items available.

© 2026 Rongo University
Contact us: librarian | system librarian | Rongo university